| 000 | 00745cam a2200253 4500 | ||
|---|---|---|---|
| 001 | ABS62471 | ||
| 008 | 000000n2000 000 0 eng u | ||
| 035 | _a(Sirsi) u106370 | ||
| 100 | _aCoope, A. | ||
| 245 | _aGround control | ||
| 260 | _c2000 | ||
| 490 |
_aSurveyor _v 25 May 2000, 16-17(2) |
||
| 520 | _aDescribes the challenges of the transformation of Newburn, one of the largest brownfield sites in the UK, into an industrial park. | ||
| 590 | _aABS | ||
| 650 | _aCONTAMINATED LAND | ||
| 650 | _aBROWNFIELD SITES | ||
| 650 | _aNEWBURN | ||
| 650 | _aRECLAMATION | ||
| 650 | _aINDUSTRIAL DEVELOPMENT | ||
| 650 | _aDECONTAMINATION | ||
| 650 | _aRIVERSIDE INDUSTRY PARK | ||
| 690 | _aENVIRONMENT-CONTAMINATION | ||
| 942 | _n0 | ||
| 999 |
_c63714 _d63714 |
||